[Event "Torino-ch op 30th"]
[Site "Torino"]
[Date "2014.01.27"]
[Round "3"]
[White "Musso, Valerio"]
[Black "Bringas Osuna, Ivan Jarek"]
[Result "0-1"]
[WhiteElo "1947"]
[BlackElo "2132"]
[PlyCount "56"]
[EventDate "2014.01.13"]
[EventType "swiss"]
[EventRounds "6"]
[EventCountry "ITA"]
[SourceTitle "EXT 2015"]
[Source "ChessBase"]
[SourceDate "2014.11.20"]
[SourceVersion "1"]
[SourceVersionDate "2014.11.20"]
[SourceQuality "1"]

1. e4 c5 2. Nf3 d6 3. d4 cxd4 4. Nxd4 Nf6 5. Nc3 a6 6. Be2 e5 7. Nb3 Be7 8. Be3 Qc7 9. Nd5 Nxd5 10. exd5 0-0 11. Qd2 b6 12. 0-0 Nd7 13. c4 a5 14. Rac1 Nc5 15. Nxc5 bxc5 16. f4 Bf6 17. fxe5 Bxe5 18. Bd3 a4 19. Bc2 g6 20. b3 axb3 21. Bxb3 Qe7 22. Bg5 f6 23. Bf4 Ba6 24. Rce1 Rae8 25. Kh1 Bxf4 26. Qa5 Be5 27. Qxa6 Ra8 28. Rxe5 fxe5 0-1

[Event "Recco op-A 4th"]
[Site "Recco "]
[Date "2010.11.26"]
[Round "1"]
[White "Ciccarelli, Marco"]
[Black "Musso, Valerio"]
[Result "1-0"]
[WhiteElo "1871"]
[BlackElo "2002"]
[PlyCount "43"]
[EventDate "2010.11.26"]
[EventType "swiss"]
[EventRounds "5"]
[EventCountry "ITA"]
[SourceTitle "EXT 2012"]
[Source "ChessBase"]
[SourceDate "2011.11.24"]
[SourceVersion "1"]
[SourceVersionDate "2011.11.24"]
[SourceQuality "1"]

1. e4 c5 2. Nf3 e6 3. d4 cxd4 4. Nxd4 Nf6 5. Nc3 Bb4 6. e5 Qa5 7. Ndb5 Bxc3+ 8. bxc3 Nd5 9. Bd2 Qd8 10. c4 Ne7 11. Nd6+ Kf8 12. Qf3 Nf5 13. Bb4 Nxd6 14. Bxd6+ Kg8 15. Bd3 Qa5+ 16. Kf1 Nc6 17. Qf4 b6 18. h4 h5 19. Rh3 Ba6 20. Rg3 Nb4 21. Rxg7+ Kxg7 22. Qg5# 1-0